Battling HIV/AIDS: (Record no. 9392)

MARC details
000 -LEADER
fixed length control field 00502nam a22001697a 4500
003 - CONTROL NUMBER IDENTIFIER
control field OSt
005 - DATE AND TIME OF LATEST TRANSACTION
control field 20240923093857.0
008 - FIXED-LENGTH DATA ELEMENTS--GENERAL INFORMATION
fixed length control field 240923b |||||||| |||| 00| 0 eng d
022 ## - INTERNATIONAL STANDARD SERIAL NUMBER
Source 9780821358480
040 ## - CATALOGING SOURCE
Transcribing agency MUST
100 ## - MAIN ENTRY--PERSONAL NAME
Personal name Yoland Tayler
9 (RLIN) 19176
245 ## - TITLE STATEMENT
Title Battling HIV/AIDS:
Remainder of title A Decision maker's guide to the orocurement of medicine and related supplied.
260 ## - PUBLICATION, DISTRIBUTION, ETC. (IMPRINT)
Place of publication, distribution, etc. Washington
Name of publisher, distributor, etc. The World Bank
Date of publication, distribution, etc. c2004
300 ## - PHYSICAL DESCRIPTION
Extent xxv,152p. ;
Other physical details ill.
Dimensions 24cm.
500 ## - GENERAL NOTE
General note Glossary, index
942 ## - ADDED ENTRY ELEMENTS (KOHA)
Source of classification or shelving scheme Dewey Decimal Classification
Koha item type Book
Holdings
Withdrawn status Lost status Source of classification or shelving scheme Damaged status Not for loan Home library Current library Date acquired Source of acquisition Inventory number Total Checkouts Full call number Barcode Date last seen Price effective from Koha item type
    Dewey Decimal Classification     MUST Main Library MUST Main Library 23/09/2024 Purchase 11/33241   658.403 BAT 2004 2024-22389 23/09/2024 23/09/2024 Open Shelf